Normal view
MARC view
- Tufail, Ahmad .
Entry Personal Name
001 - CONTROL NUMBER
- control field: 3154
003 - CONTROL NUMBER IDENTIFIER
- control field: OSt
005 - DATE AND TIME OF LATEST TRANSACTION
- control field: 20180605112238.0
008 - FIXED-LENGTH DATA ELEMENTS
- fixed length control field: 180605|| aca||aabn | a|a d
040 ## - CATALOGING SOURCE
- Original cataloging agency: OSt
- Transcribing agency: OSt
100 ## - HEADING--PERSONAL NAME
- Personal name: Tufail, Ahmad .
670 ## - SOURCE DATA FOUND
- Source citation: Work cat.: (OSt): Tufail, Ahmad ., Dairy plant engineering and management , 2017.
